Manual de Jurisprudencia de Derecho del trabajo y la seguridad social (Registro nro. 8470)

Detalles MARC
000 -LEADER
fixed length control field 00756nas a2200229 454500
001 - CONTROL NUMBER
control field 15102
005 - DATE AND TIME OF LATEST TRANSACTION
control field 20260407193505.0
008 - FIXED-LENGTH DATA ELEMENTS--GENERAL INFORMATION
fixed length control field 260407s2012####ag###########|||spa#d
003 - CONTROL NUMBER IDENTIFIER
control field AR-UNSa-BCEJYS
040 ## - CATALOGING SOURCE
Original cataloging agency AR-UNSa-BCEJYS
Language of cataloging spa
Transcribing agency AR-UNSa-BCEJYS
080 ## - UNIVERSAL DECIMAL CLASSIFICATION NUMBER
Universal Decimal Classification number 349.2
Common auxiliary subdivision Derecho del Trabajo
100 1# - MAIN ENTRY--PERSONAL NAME
Personal name Mark, Mariano H.
245 10 - TITLE STATEMENT
Title Manual de Jurisprudencia de Derecho del trabajo y la seguridad social
264 #1 - PRODUCTION, PUBLICATION, DISTRIBUTION, MANUFACTURE, AND COPYRIGHT NOTICE
Place of production, publication, distribution, manufacture Buenos Aires :
Name of producer, publisher, distributor, manufacturer Abeledo Perrot
Date of production, publication, distribution, manufacture, or copyright notice 2012
310 ## - CURRENT PUBLICATION FREQUENCY
Current publication frequency Frecuencia: Anual
590 ## - LOCAL NOTE (RLIN)
Local note niveau_biblio:s niveau_hierar:1
650 ## - SUBJECT ADDED ENTRY--TOPICAL TERM
Topical term or geographic name entry element Seguridad social
650 ## - SUBJECT ADDED ENTRY--TOPICAL TERM
Topical term or geographic name entry element Derecho laboral
700 1# - ADDED ENTRY--PERSONAL NAME
Personal name Vardé, Francisco J.
856 41 - ELECTRONIC LOCATION AND ACCESS
Uniform Resource Identifier <a href="https://biblioeco.unsa.edu.ar/webbibeco/images/bibeco/MJD.jpg">https://biblioeco.unsa.edu.ar/webbibeco/images/bibeco/MJD.jpg</a>
Link text Imagen de portada
Electronic format type image/jpeg
942 ## - ADDED ENTRY ELEMENTS (KOHA)
Koha item type
Existencias
Withdrawn status Lost status Damaged status Not for loan Home library Current library Shelving location Date acquired Serial enumeration / chronology Total checkouts Full call number Barcode Date last seen Price effective from Koha item type
        Biblioteca Prof. Eusebio Cleto del Rey Biblioteca Prof. Eusebio Cleto del Rey   01/01/2012 2012   H349.2 MAN 2012 R07511 10/04/2026 10/04/2026 Numero